<?xml version="1.0" encoding="UTF-8"?>
<record
    xmlns:xsi="http://www.w3.org/2001/XMLSchema-instance"
    xsi:schemaLocation="http://www.loc.gov/MARC21/slim http://www.loc.gov/standards/marcxml/schema/MARC21slim.xsd"
    xmlns="http://www.loc.gov/MARC21/slim">

  <leader>00822nam#a2200265#c#4500</leader>
  <controlfield tag="003">AR-MoUNM</controlfield>
  <controlfield tag="005">20260307063901.0</controlfield>
  <controlfield tag="008">941205t1973    sp ||||||||||||0||||spa</controlfield>
  <datafield tag="020" ind1=" " ind2=" ">
    <subfield code="a">843440740X</subfield>
  </datafield>
  <datafield tag="040" ind1=" " ind2=" ">
    <subfield code="a">IEF</subfield>
    <subfield code="d">AR-MoUNM</subfield>
  </datafield>
  <datafield tag="041" ind1=" " ind2=" ">
    <subfield code="a">spa</subfield>
  </datafield>
  <datafield tag="082" ind1=" " ind2=" ">
    <subfield code="2">20</subfield>
    <subfield code="a">331.8</subfield>
    <subfield code="b">IZ 98</subfield>
  </datafield>
  <datafield tag="100" ind1="1" ind2=" ">
    <subfield code="a">Izard, Miguel</subfield>
    <subfield code="9">17101</subfield>
  </datafield>
  <datafield tag="245" ind1="1" ind2="0">
    <subfield code="a">Industrializaci&#xF3;n y obrerismo : </subfield>
    <subfield code="b">las tres clases de vapor 1869-1913 /</subfield>
    <subfield code="c">Miguel Izard.</subfield>
  </datafield>
  <datafield tag="260" ind1=" " ind2=" ">
    <subfield code="a">Barcelona :</subfield>
    <subfield code="b">Ariel,</subfield>
    <subfield code="c">1973.</subfield>
  </datafield>
  <datafield tag="300" ind1=" " ind2=" ">
    <subfield code="a">256 p. ;</subfield>
    <subfield code="c">18 cm.</subfield>
  </datafield>
  <datafield tag="490" ind1="0" ind2=" ">
    <subfield code="a">(Ariel Quincenal ;</subfield>
    <subfield code="v">98)</subfield>
  </datafield>
  <datafield tag="504" ind1=" " ind2=" ">
    <subfield code="a">Incluye referencias bibliogr&#xE1;ficas</subfield>
  </datafield>
  <datafield tag="650" ind1=" " ind2="7">
    <subfield code="a">TRABAJO</subfield>
    <subfield code="2">unescot</subfield>
    <subfield code="9">1018</subfield>
  </datafield>
  <datafield tag="650" ind1=" " ind2="7">
    <subfield code="2">unescot</subfield>
    <subfield code="9">985</subfield>
    <subfield code="a">MOVIMIENTO OBRERO</subfield>
  </datafield>
  <datafield tag="650" ind1=" " ind2="7">
    <subfield code="2">unescot</subfield>
    <subfield code="9">3138</subfield>
    <subfield code="a">INDUSTRIALIZACION</subfield>
  </datafield>
  <datafield tag="650" ind1=" " ind2="7">
    <subfield code="2">unescot</subfield>
    <subfield code="9">11674</subfield>
    <subfield code="a">OBRERO INDUSTRIAL</subfield>
  </datafield>
  <datafield tag="650" ind1=" " ind2="7">
    <subfield code="2">unescot</subfield>
    <subfield code="9">990</subfield>
    <subfield code="a">SINDICATO</subfield>
  </datafield>
  <datafield tag="942" ind1=" " ind2=" ">
    <subfield code="c">LIBRO</subfield>
  </datafield>
  <datafield tag="999" ind1=" " ind2=" ">
    <subfield code="c">12230</subfield>
    <subfield code="d">12231</subfield>
  </datafield>
  <datafield tag="952" ind1=" " ind2=" ">
    <subfield code="0">0</subfield>
    <subfield code="1">0</subfield>
    <subfield code="4">0</subfield>
    <subfield code="7">0</subfield>
    <subfield code="a">UNM</subfield>
    <subfield code="b">UNM</subfield>
    <subfield code="d">2020-01-28</subfield>
    <subfield code="e">Donaci&#xF3;n Jorge Mosqueira</subfield>
    <subfield code="i">20103</subfield>
    <subfield code="l">0</subfield>
    <subfield code="o">331.8 IZ 98</subfield>
    <subfield code="p">20103</subfield>
    <subfield code="r">2020-01-28 00:00:00</subfield>
    <subfield code="t">Ej. C</subfield>
    <subfield code="w">2020-01-28</subfield>
    <subfield code="y">LIBRO</subfield>
  </datafield>
</record>
